[Event "British Chess Championships 2023: PM Tournament U1750"]
[Site "The Venue, De Montfort University, 20 Western Boulevard, Leicester, LE2 7BU"]
[Date "2023.07.26"]
[Round "3"]
[Board "9"]
[White "Horspool, Joseph"]
[Black "Scott, Jane"]
[Result "0-1"]
[WhiteElo "1621"]
[BlackElo "1477"]
[PlyCount "36"]
[EventDate "2023.07.24"]
[EventRounds "6"]
[EventCountry "ENG"]

1. e4 e5 2. Nf3 Nc6 3. d4 exd4 4. Bc4 Nf6 5. e5 d5 6. Bb5 Ne4 7. Nxd4 Bd7 8. Bxc6
bxc6 9. O-O Bc5 10. Nd2 Nxf2 11. Rxf2 Bxd4 12. Qf3 Bxf2+ 13. Qxf2 O-O 14. Nb3 Qe7
15. Nc5 f6 16. Nxd7 Qxd7 17. exf6 Rxf6 18. Qg3 Qf5  0-1

[Event "British Chess Championships 2023: PM Tournament U1750"]
[Site "The Venue, De Montfort University, 20 Western Boulevard, Leicester, LE2 7BU"]
[Date "2023.07.26"]
[Round "3"]
[Board "10"]
[White "Kumar, Sachin"]
[Black "Yu, William"]
[Result "1/2-1/2"]
[WhiteElo "1613"]
[BlackElo "1372"]
[PlyCount "96"]
[EventDate "2023.07.24"]
[EventRounds "6"]
[EventCountry "ENG"]

1. e4 e6 2. d4 d5 3. exd5 exd5 4. Nf3 Bd6 5. Bd3 Ne7 6. O-O Nd7 7. c3 Nf6 8. Bg5
Bg4 9. Nbd2 Qd7 10. a4 h6 11. Be3 Bh5 12. Qc2 c6 13. Ne5 Qc7 14. Nef3 Ng4 15. h3
Nxe3 16. fxe3 g5 17. e4 dxe4 18. Nxe4 O-O-O 19. Nxd6+ Qxd6 20. Ne5 Rdf8 21. Bf5+
Nxf5 22. Qxf5+ Qe6 23. Qxe6+ fxe6 24. Rxf8+ Rxf8 25. Rf1 Rxf1+ 26. Kxf1 Kc7 27. Ke1
Kd6 28. Kd2 b6 29. Ke3 c5 30. a5 cxd4+ 31. Kxd4 Be2 32. axb6 axb6 33. g3 Bf1 34.
h4 gxh4 35. gxh4 h5 36. c4 Be2 37. b4 Bf1 38. c5+ bxc5+ 39. bxc5+ Kc7 40. Ng6 Be2
41. Nf4 Bg4 42. Nd3 Kc6 43. Ne5+ Kb5 44. Nf7 Bf5 45. Nd8 Bg4 46. Nf7 Bf5 47. Nd6+
Kc6 48. Nf7 Bg4  1/2-1/2

[Event "British Chess Championships 2023: PM Tournament U1750"]
[Site "The Venue, De Montfort University, 20 Western Boulevard, Leicester, LE2 7BU"]
[Date "2023.07.26"]
[Round "3"]
[Board "11"]
[White "Weersing, Nathan"]
[Black "Morris, Nigel W"]
[Result "1-0"]
[WhiteElo "1526"]
[BlackElo "1596"]
[PlyCount "89"]
[EventDate "2023.07.24"]
[EventRounds "6"]
[EventCountry "ENG"]

1. e4 c5 2. Nf3 d6 3. c3 Nf6 4. Qc2 Qc7 5. Bb5+ Bd7 6. a4 Nc6 7. O-O g6 8. d4 cxd4
9. cxd4 a6 10. Bd3 Rc8 11. Bd2 Na7 12. Bc3 Bg7 13. Nbd2 O-O 14. Rac1 Qb8 15. b3 Nh5
16. Rfe1 Nf4 17. Bf1 Ne6 18. Qb2 b5 19. d5 Bxc3 20. Rxc3 Nc5 21. a5 b4 22. Rc4 Bb5
23. Rxb4 Qc7 24. Qa3 Bxf1 25. Rxf1 Nb5 26. Qa1 Qa7 27. Rc4 Nd3 28. Qb1 Nf4 29. g3
Nh5 30. Qd3 Rc7 31. Rc6 Rfc8 32. Rfc1 Nf6 33. Rxc7 Rxc7 34. Rxc7 Qxc7 35. Nc4 Nd7
36. b4 h6 37. Nd4 Nxd4 38. Qxd4 Kh7 39. Nb6 Qc1+ 40. Kg2 Nf6 41. e5 dxe5 42. Qxe5
Qd2 43. Qxe7 Kg7 44. Qe5 Qxb4 45. d6  1-0

[Event "British Chess Championships 2023: PM Tournament U1750"]
[Site "The Venue, De Montfort University, 20 Western Boulevard, Leicester, LE2 7BU"]
[Date "2023.07.26"]
[Round "3"]
[Board "12"]
[White "Pride, Stephen C"]
[Black "Yi, Louis"]
[Result "1-0"]
[WhiteElo "1584"]
[BlackElo "1443"]
[PlyCount "105"]
[EventDate "2023.07.24"]
[EventRounds "6"]
[EventCountry "ENG"]

1. d4 d5 2. Bf4 Nf6 3. Nc3 c6 4. e3 Bf5 5. Bd3 Bxd3 6. Qxd3 e6 7. Nf3 Be7 8. O-O
O-O 9. e4 dxe4 10. Nxe4 Nd5 11. Bd2 Nd7 12. c3 N7f6 13. Nxf6+ Nxf6 14. Qc2 c5 15.
Rad1 Rc8 16. dxc5 Bxc5 17. Be3 Qc7 18. Bxc5 Qxc5 19. h3 h6 20. Rfe1 Rfd8 21. Rxd8+
Rxd8 22. Rd1 Rxd1+ 23. Qxd1 Ne4 24. Qd8+ Kh7 25. Qd4 Qxd4 26. Nxd4 a6 27. Kf1 Kg6
28. Ke2 Kf6 29. f3 Ng3+ 30. Kd3 Nf5 31. Nxf5 Kxf5 32. g3 Ke5 33. Kc4 Kd6 34. a4 f5
35. f4 g5 36. Kd4 b6 37. b3 gxf4 38. gxf4 Kd7 39. Ke5 Ke7 40. a5 b5 41. c4 bxc4 42.
bxc4 Kd7 43. c5 Kc6 44. Kxe6 Kxc5 45. Kxf5 Kd5 46. h4 h5 47. Kf6 Kd6 48. Kf7 Kd5
49. f5 Ke5 50. f6 Kf5 51. Ke7 Kg6 52. f7 Kh7 53. f8=Q  1-0

[Event "British Chess Championships 2023: PM Tournament U1750"]
[Site "The Venue, De Montfort University, 20 Western Boulevard, Leicester, LE2 7BU"]
[Date "2023.07.26"]
[Round "3"]
[Board "13"]
[White "Fraser, Chris A"]
[Black "Kumar, Arnav"]
[Result "1/2-1/2"]
[WhiteElo "1508"]
[BlackElo "1649"]
[PlyCount "96"]
[EventDate "2023.07.24"]
[EventRounds "6"]
[EventCountry "ENG"]

1. e4 e5 2. Nf3 Nc6 3. d4 exd4 4. Nxd4 Bc5 5. Nb3 Bb6 6. Nc3 Nf6 7. Qe2 O-O 8. Bg5
h6 9. Bh4 g5 10. Bg3 d6 11. O-O-O Qe7 12. f3 Be6 13. Bf2 Bxf2 14. Qxf2 Bxb3 15. axb3
Kg7 16. g4 Ne5 17. Be2 c6 18. h4 Ng6 19. hxg5 hxg5 20. Qd4 Rfd8 21. Qf2 Qe5 22. Qh2
Rh8 23. Qxe5 dxe5 24. Rxh8 Rxh8 25. Kd2 Rd8+ 26. Ke3 Rxd1 27. Nxd1 Nd7 28. Kd2 b5
29. Ne3 Ne7 30. b4 f6 31. c4 a6 32. cxb5 axb5 33. Nc2 Kf7 34. Na1 Ke6 35. Nb3 Ng6
36. Na5 Ne7 37. Bd1 Kd6 38. Nb7+ Kc7 39. Na5 Kb6 40. Nb3 c5 41. bxc5+ Nxc5 42. Kc3
Nxb3 43. Kxb3 Kc5 44. Kc3 b4+ 45. Kd3 Nc6 46. b3 Nd4 47. Ke3 Ne6 48. Kd3 Nf4+  1/2-1/2

[Event "British Chess Championships 2023: PM Tournament U1750"]
[Site "The Venue, De Montfort University, 20 Western Boulevard, Leicester, LE2 7BU"]
[Date "2023.07.26"]
[Round "3"]
[Board "14"]
[White "Jestico, John V"]
[Black "Zigmond, Andrew"]
[Result "0-1"]
[WhiteElo "1466"]
[BlackElo "1647"]
[PlyCount "106"]
[EventDate "2023.07.24"]
[EventRounds "6"]
[EventCountry "ENG"]

1. c4 Nf6 2. Nc3 g6 3. g3 Bg7 4. Bg2 d6 5. d4 O-O 6. e3 Nbd7 7. Nge2 c5 8. d5 Ne5
9. b3 Bg4 10. O-O Nf3+ 11. Bxf3 Bxf3 12. Qd3 Qd7 13. Rb1 Nh5 14. e4 Qg4 15. h3 Bxe2
16. Nxe2 Qxh3 17. Qf3 f5 18. Qg2 Qxg2+ 19. Kxg2 fxe4 20. Re1 Nf6 21. Bg5 Rf7 22.
Bxf6 Bxf6 23. Nf4 Bd4 24. Rxe4 g5 25. Nh3 h6 26. Rbe1 Bf6 27. f3 Kh7 28. Nf2 Raf8
29. Ng4 Kg6 30. Nxf6 Rxf6 31. Re6 R8f7 32. Rxf6+ exf6 33. Re6 Rd7 34. Kh3 h5 35.
Kg2 a6 36. Kf2 b5 37. cxb5 axb5 38. Ke3 h4 39. gxh4 gxh4 40. Kf2 Kf5 41. Kg2 Ra7
42. Re2 c4 43. bxc4 bxc4 44. Kh3 Rc7 45. Kxh4 c3 46. Rc2 Kf4 47. Kh5 Kxf3 48. Kg6
Ke4 49. Kxf6 Kxd5 50. Kf5 Kc4 51. Ke6 Kd3 52. Kxd6 Kxc2 53. Kxc7 Kb2  0-1

[Event "British Chess Championships 2023: PM Tournament U1750"]
[Site "The Venue, De Montfort University, 20 Western Boulevard, Leicester, LE2 7BU"]
[Date "2023.07.26"]
[Round "3"]
[Board "15"]
[White "Singhal, Saket"]
[Black "O Hanlon, Joseph"]
[Result "1/2-1/2"]
[WhiteElo "1617"]
[BlackElo "1597"]
[PlyCount "57"]
[EventDate "2023.07.24"]
[EventRounds "6"]
[EventCountry "ENG"]

1. e4 e6 2. d4 d5 3. exd5 exd5 4. Nc3 Nf6 5. Bg5 Be7 6. Bd3 Nc6 7. Bb5 O-O 8. Nf3
Bg4 9. Bxc6 bxc6 10. h3 Bh5 11. O-O Rb8 12. b3 Re8 13. Re1 Qd6 14. Bxf6 Bxf6 15.
Qd2 Bxf3 16. gxf3 Qd7 17. Kg2 Qf5 18. Rg1 Bg5 19. Qd1 Re6 20. Ne2 Rbe8 21. Ng3 Qf4
22. c3 Bh4 23. Qd3 Rg6 24. Rge1 Rxg3+ 25. Kf1 Re6 26. Rxe6 fxe6 27. fxg3 Qxg3 28.
Qe2 Qxh3+ 29. Qg2  1/2-1/2

[Event "British Chess Championships 2023: PM Tournament U1750"]
[Site "The Venue, De Montfort University, 20 Western Boulevard, Leicester, LE2 7BU"]
[Date "2023.07.26"]
[Round "3"]
[Board "16"]
[White "Joseph, Tomy"]
[Black "Jones, Michael R"]
[Result "0-1"]
[WhiteElo "1549"]
[BlackElo "1556"]
[PlyCount "52"]
[EventDate "2023.07.24"]
[EventRounds "6"]
[EventCountry "ENG"]

1. e4 d6 2. d4 Nf6 3. Nc3 e5 4. dxe5 dxe5 5. Qxd8+ Kxd8 6. Bg5 Bd6 7. O-O-O Nbd7
8. Nf3 h6 9. Bh4 Ke7 10. Nb5 a6 11. Nxd6 cxd6 12. Bc4 g5 13. Bg3 Nxe4 14. Rhe1 Nxg3
15. fxg3 Nb6 16. Bb3 Be6 17. Bxe6 fxe6 18. b3 Nd5 19. Kb2 b5 20. Nd2 Rhf8 21. Ne4
Rad8 22. h4 g4 23. a3 Nf6 24. Nc3 Rc8 25. Re2 Rc5 26. Rf1 Rxc3  0-1

[Event "British Chess Championships 2023: PM Tournament U1750"]
[Site "The Venue, De Montfort University, 20 Western Boulevard, Leicester, LE2 7BU"]
[Date "2023.07.26"]
[Round "3"]
[Board "17"]
[White "Gilbert, David J"]
[Black "Flint, James"]
[Result "0-1"]
[WhiteElo "1603"]
[BlackElo "1534"]
[PlyCount "60"]
[EventDate "2023.07.24"]
[EventRounds "6"]
[EventCountry "ENG"]

1. c4 c5 2. g3 g6 3. Bg2 Bg7 4. Nc3 e5 5. Nf3 Ne7 6. d3 O-O 7. Rb1 Nbc6 8. a3 a5
9. O-O d6 10. Ne1 Be6 11. Nc2 d5 12. cxd5 Nxd5 13. Ne3 Nxc3 14. bxc3 Qd7 15. c4 Rab8
16. Nd5 b5 17. Bh6 b4 18. Bxg7 Kxg7 19. axb4 axb4 20. e3 Bh3 21. Qf3 f6 22. Rfd1
Bxg2 23. Kxg2 Qd6 24. Ra1 Ra8 25. Qe2 Ne7 26. Nxe7 Qxe7 27. Qf3 Ra7 28. Qc6 Rfa8
29. Qxa8 Rxa8 30. Rxa8 Qb7+  0-1

[Event "British Chess Championships 2023: PM Tournament U1750"]
[Site "The Venue, De Montfort University, 20 Western Boulevard, Leicester, LE2 7BU"]
[Date "2023.07.26"]
[Round "3"]
[Board "18"]
[White "Nargund, Sujan"]
[Black "Brown, Chris"]
[Result "1/2-1/2"]
[WhiteElo "1564"]
[BlackElo "1477"]
[PlyCount "80"]
[EventDate "2023.07.24"]
[EventRounds "6"]
[EventCountry "ENG"]

1. e4 e5 2. Nf3 Nc6 3. Bc4 Bc5 4. d3 Nf6 5. c3 d6 6. O-O a6 7. Nbd2 O-O 8. Re1 Ba7
9. Bb3 Be6 10. Bc2 Re8 11. Nf1 Ne7 12. Ng3 Ng6 13. d4 exd4 14. cxd4 Bg4 15. Be3 Nh4
16. Bg5 Bxf3 17. gxf3 Ng6 18. Nh5 c6 19. Bxf6 gxf6 20. Qd2 Kh8 21. Qh6 Rg8 22. Kh1
Bxd4 23. Bb3 Qf8 24. Qxf8 Rgxf8 25. Re2 Be5 26. Rd1 Nf4 27. Nxf4 Bxf4 28. Rg1 Rad8
29. Rg4 Be5 30. Rd2 c5 31. f4 Bd4 32. Bd5 Rd7 33. Rh4 Rg8 34. f5 Rg7 35. Rh3 b6 36.
Rg3 a5 37. Rxg7 Kxg7 38. f3 Rc7 39. Rg2+ Kh8 40. Bc4 Rd7  1/2-1/2

[Event "British Chess Championships 2023: PM Tournament U1750"]
[Site "The Venue, De Montfort University, 20 Western Boulevard, Leicester, LE2 7BU"]
[Date "2023.07.27"]
[Round "4"]
[Board "1"]
[White "Veeturi, Yashvardhan"]
[Black "Sugden, Freddie"]
[Result "1-0"]
[WhiteElo "1628"]
[BlackElo "1700"]
[PlyCount "95"]
[EventDate "2023.07.24"]
[EventRounds "6"]
[EventCountry "ENG"]

1. e4 e5 2. Nf3 Nc6 3. d4 exd4 4. Nxd4 Qh4 5. Nc3 Bb4 6. Ndb5 Ba5 7. Be2 a6 8. Nd4
Qxe4 9. Nf3 Bxc3+ 10. bxc3 Nf6 11. O-O O-O 12. Bd3 Qd5 13. Bg5 Ne5 14. Bxf6 Nxf3+
15. gxf3 Qh5 16. Bd4 d5 17. Kh1 Re8 18. Rg1 g6 19. Bf1 Bf5 20. Bg2 g5 21. Qd2 Re6
22. Rae1 Rae8 23. Rxe6 Rxe6 24. Re1 Qg6 25. Rxe6 fxe6 26. Qe3 Bxc2 27. Bh3 Bf5 28.
Bxf5 Qxf5 29. Kg2 b6 30. Qe5 Qxe5 31. Bxe5 c5 32. Bc7 b5 33. Bd6 c4 34. f4 h6 35.
Kf3 Kf7 36. Kg4 Kf6 37. fxg5+ hxg5 38. f4 gxf4 39. Kxf4 a5 40. h4 b4 41. cxb4 axb4
42. Be5+ Kg6 43. Bd4 c3 44. Ke3 Kh5 45. Bc5 Kxh4 46. Bxb4 c2 47. Kd2 Kg5 48. a4  1-0

[Event "British Chess Championships 2023: PM Tournament U1750"]
[Site "The Venue, De Montfort University, 20 Western Boulevard, Leicester, LE2 7BU"]
[Date "2023.07.27"]
[Round "4"]
[Board "2"]
[White "Li, Xiaofan"]
[Black "Mehrgan, Mehrsam"]
[Result "1/2-1/2"]
[WhiteElo "1673"]
[BlackElo "1118"]
[PlyCount "49"]
[EventDate "2023.07.24"]
[EventRounds "6"]
[EventCountry "ENG"]

1. e4 c6 2. c4 e6 3. d4 d5 4. Nc3 Nf6 5. e5 Nfd7 6. Nf3 Bb4 7. a3 Be7 8. cxd5 cxd5
9. Bd3 Nc6 10. Be3 a6 11. Rc1 Nf8 12. Qd2 Ng6 13. O-O O-O 14. Rfe1 Bd7 15. Ne2 Qb6
16. Nc3 Na5 17. Rb1 Nb3 18. Qd1 Na5 19. Qd2 Rac8 20. b4 Nc4 21. Bxc4 Rxc4 22. Rec1
Rfc8 23. Qb2 Qc6 24. Ne2 b5 25. g3  1/2-1/2

[Event "British Chess Championships 2023: PM Tournament U1750"]
[Site "The Venue, De Montfort University, 20 Western Boulevard, Leicester, LE2 7BU"]
[Date "2023.07.27"]
[Round "4"]
[Board "3"]
[White "Morris, Simon"]
[Black "Hayes, Solomon"]
[Result "0-1"]
[WhiteElo "1604"]
[BlackElo "1613"]
[PlyCount "72"]
[EventDate "2023.07.24"]
[EventRounds "6"]
[EventCountry "ENG"]

1. e4 c5 2. c3 d5 3. exd5 Qxd5 4. d4 e6 5. Nf3 Nf6 6. Be3 Ng4 7. Nbd2 Nxe3 8. fxe3
Nc6 9. Bc4 Qd8 10. O-O Be7 11. Bb5 O-O 12. Ne4 Qb6 13. Bxc6 Qxc6 14. Qc2 h6 15. Ne5
Qc7 16. Rf3 f5 17. Nd2 Bf6 18. Ng6 Rf7 19. Qd1 b6 20. e4 cxd4 21. exf5 exf5 22. cxd4
Bxd4+ 23. Kh1 Bxb2 24. Rb1 Bf6 25. Qe2 Kh7 26. Nf4 Bb7 27. Rf2 g6 28. Re1 Re7 29.
Ne6 Qd7 30. Nf3 Rae8 31. Nfd4 Kg8 32. Qc4 Qd5 33. Qxd5 Bxd5 34. Rfe2 Bxd4 35. Nxd4
Rxe2 36. Rxe2 Rxe2  0-1

[Event "British Chess Championships 2023: PM Tournament U1750"]
[Site "The Venue, De Montfort University, 20 Western Boulevard, Leicester, LE2 7BU"]
[Date "2023.07.27"]
[Round "4"]
[Board "4"]
[White "Smithson, Sean"]
[Black "Mccormick, Graeme S"]
[Result "1/2-1/2"]
[WhiteElo "1301"]
[BlackElo "1523"]
[PlyCount "44"]
[EventDate "2023.07.24"]
[EventRounds "6"]
[EventCountry "ENG"]

1. e4 e6 2. d4 d5 3. e5 c5 4. c3 Nc6 5. Be3 cxd4 6. cxd4 Bb4+ 7. Nc3 Nge7 8. a3 Bxc3+
9. bxc3 Nf5 10. Qd2 Nxe3 11. Qxe3 O-O 12. Bd3 f5 13. Ne2 Bd7 14. h4 Rc8 15. h5 Qe7
16. Nf4 Be8 17. c4 dxc4 18. Bxc4 Bf7 19. d5 exd5 20. Bxd5 Qxe5 21. Qxe5 Nxe5 22.
Bxb7 Rb8  1/2-1/2

[Event "British Chess Championships 2023: PM Tournament U1750"]
[Site "The Venue, De Montfort University, 20 Western Boulevard, Leicester, LE2 7BU"]
[Date "2023.07.27"]
[Round "4"]
[Board "5"]
[White "Homer, Neil S"]
[Black "Tomy, Jake"]
[Result "1/2-1/2"]
[WhiteElo "1648"]
[BlackElo "1540"]
[PlyCount "106"]
[EventDate "2023.07.24"]
[EventRounds "6"]
[EventCountry "ENG"]

1. e4 e5 2. Nc3 Nf6 3. f4 d5 4. fxe5 Nxe4 5. Qf3 Nxc3 6. bxc3 Be7 7. d4 O-O 8. Bd3
Bh4+ 9. g3 Be7 10. Ne2 Nc6 11. O-O Be6 12. Nf4 g6 13. Bd2 Qd7 14. Nxe6 Qxe6 15. Bh6
Rfd8 16. Rf2 Bf8 17. Bxf8 Rxf8 18. Raf1 Nd8 19. Qf6 Qc6 20. Qxc6 bxc6 21. Rb1 Ne6
22. Rff1 Rab8 23. Rb3 Rb6 24. Rfb1 Rfb8 25. Kf2 Kg7 26. Ke3 Kf8 27. c4 Ke7 28. c5
Rxb3 29. Rxb3 Rxb3 30. axb3 Kd7 31. c3 Kc8 32. h4 h5 33. Bf1 Kd7 34. Bh3 Ke7 35.
Bf1 Kd8 36. Ba6 Kd7 37. b4 Nf8 38. Kf3 Ne6 39. Bd3 Ng7 40. g4 hxg4+ 41. Kxg4 Nh5
42. Ba6 Ke7 43. Bd3 Ke6 44. Bc2 Ke7 45. Ba4 Kd7 46. Bc2 Ke7 47. Bd3 Ke6 48. Kf3 Ke7
49. Ba6 Kd8 50. Kg4 Ke7 51. Kg5 Ng3 52. Bd3 Ke6 53. Kf4 Nh5+  1/2-1/2

[Event "British Chess Championships 2023: PM Tournament U1750"]
[Site "The Venue, De Montfort University, 20 Western Boulevard, Leicester, LE2 7BU"]
[Date "2023.07.27"]
[Round "4"]
[Board "6"]
[White "Horlock, Peter J"]
[Black "Weersing, Nathan"]
[Result "1-0"]
[WhiteElo "1628"]
[BlackElo "1526"]
[PlyCount "81"]
[EventDate "2023.07.24"]
[EventRounds "6"]
[EventCountry "ENG"]

1. e4 e6 2. d4 d5 3. exd5 exd5 4. Nf3 Nf6 5. Be2 Bd6 6. Nbd2 Be6 7. Ne5 Bxe5 8. dxe5
Nfd7 9. Nf3 Nc6 10. Bg5 f6 11. exf6 Nxf6 12. Nd4 Nxd4 13. Qxd4 Qe7 14. O-O-O c6 15.
Bh5+ Kd8 16. Rhe1 h6 17. Bxf6 gxf6 18. Bg4 c5 19. Qe3 d4 20. Qxe6 Qxe6 21. Rxe6 h5
22. Bf3 Rh6 23. c3 Kd7 24. Re2 Rc8 25. cxd4 cxd4+ 26. Kb1 Rc4 27. Bd5 Ra4 28. b3
Rb4 29. a3 Rb6 30. Rxd4 f5 31. Be6+ Ke7 32. Bxf5+ Kf7 33. Kb2 a5 34. Re5 Rbd6 35.
Rxd6 Rxd6 36. Rxa5 Rd2+ 37. Kc3 Rxf2 38. Be4 Rf4 39. Bxb7 h4 40. h3 Rf1 41. Bf3  1-0

[Event "British Chess Championships 2023: PM Tournament U1750"]
[Site "The Venue, De Montfort University, 20 Western Boulevard, Leicester, LE2 7BU"]
[Date "2023.07.27"]
[Round "4"]
[Board "7"]
[White "Pride, Stephen C"]
[Black "Belur, Ankita"]
[Result "0-1"]
[WhiteElo "1584"]
[BlackElo "1479"]
[PlyCount "100"]
[EventDate "2023.07.24"]
[EventRounds "6"]
[EventCountry "ENG"]

1. d4 Nf6 2. Bf4 g6 3. Nc3 Bg7 4. e4 d6 5. Qd2 O-O 6. O-O-O c6 7. Bh6 b5 8. Bxg7
Kxg7 9. e5 dxe5 10. dxe5 Qxd2+ 11. Rxd2 Ng4 12. Nf3 Nd7 13. Re2 Ba6 14. b4 c5 15.
a3 cxb4 16. axb4 Rac8 17. Kb2 Bb7 18. e6 fxe6 19. Nd4 Rxf2 20. h3 Rxe2 21. Ncxe2
Ne3 22. Nxe6+ Kg8 23. N2d4 Nxf1 24. Rxf1 Bxg2 25. Ra1 Bxh3 26. Nf4 Bf5 27. Rxa7 e5
28. Nxf5 gxf5 29. Rxd7 exf4 30. Rd5 Kg7 31. Rxb5 Kg6 32. Rd5 h5 33. Rd2 h4 34. Kb3
h3 35. b5 Rh8 36. Rh2 f3 37. c4 f2 38. Rxf2 h2 39. Rxh2 Rxh2 40. b6 Rh8 41. c5 Rb8
42. Kb4 f4 43. Ka5 f3 44. c6 Ra8+ 45. Kb5 f2 46. b7 Rb8 47. Ka5 f1=Q 48. c7 Qa1+
49. Kb6 Qb2+ 50. Ka5 Qxb7  0-1

[Event "British Chess Championships 2023: PM Tournament U1750"]
[Site "The Venue, De Montfort University, 20 Western Boulevard, Leicester, LE2 7BU"]
[Date "2023.07.27"]
[Round "4"]
[Board "8"]
[White "Foreman, Brian A"]
[Black "Kumar, Sachin"]
[Result "1-0"]
[WhiteElo "1744"]
[BlackElo "1613"]
[PlyCount "89"]
[EventDate "2023.07.24"]
[EventRounds "6"]
[EventCountry "ENG"]

1. d4 Nf6 2. Nf3 g6 3. c4 d5 4. Nc3 Bg7 5. Qb3 e6 6. Bf4 O-O 7. h3 Re8 8. e3 c5 9.
Rd1 cxd4 10. exd4 a6 11. Be2 Nc6 12. c5 Nd7 13. Bh2 Nf8 14. O-O Ra7 15. a3 Bd7 16.
Qc2 Ra8 17. b4 h5 18. b5 Ne7 19. bxa6 bxa6 20. Na4 Bxa4 21. Qxa4 Qd7 22. Qa5 Nc6
23. Qd2 Rec8 24. Rb1 Nh7 25. Rb6 Ra7 26. Bxa6 Rca8 27. Bb5 Rc8 28. a4 Qe8 29. Rb1
Bf6 30. Ne5 Bxe5 31. Bxe5 f6 32. Bd6 Ng5 33. f3 Qd7 34. Rc1 Nf7 35. a5 Kg7 36. Kf2
Nfd8 37. a6 Qf7 38. Rb1 Kh7 39. Qb2 Ne7 40. Qc3 Nec6 41. Rb3 Kg7 42. Qb2 Ne7 43.
Ba4 Kh7 44. Rb7 Nxb7 45. Rxb7  1-0

[Event "British Chess Championships 2023: PM Tournament U1750"]
[Site "The Venue, De Montfort University, 20 Western Boulevard, Leicester, LE2 7BU"]
[Date "2023.07.27"]
[Round "4"]
[Board "9"]
[White "Zigmond, Andrew"]
[Black "Daly, Grant"]
[Result "1/2-1/2"]
[WhiteElo "1647"]
[BlackElo "1596"]
[PlyCount "89"]
[EventDate "2023.07.24"]
[EventRounds "6"]
[EventCountry "ENG"]

1. e4 c5 2. Nf3 d6 3. d4 cxd4 4. Nxd4 Nf6 5. Nc3 a6 6. f3 e5 7. Nb3 Be7 8. Be3 h5
9. Qd2 Be6 10. Nd5 Nxd5 11. exd5 Bf5 12. Bd3 Bxd3 13. Qxd3 Nd7 14. O-O-O Rc8 15.
Kb1 b5 16. h3 Nb6 17. g4 h4 18. Bf2 g5 19. Na5 Bf6 20. Nc6 Rxc6 21. dxc6 Nc4 22.
Qf5 Be7 23. b3 Na3+ 24. Kb2 d5 25. Qd7+ Qxd7 26. cxd7+ Kxd7 27. Rxd5+ Ke6 28. Rhd1
Rc8 29. R5d2 Bb4 30. Re2 Be7 31. Bd4 f6 32. Rde1 Kf7 33. Bxe5 fxe5 34. Rxe5 Rxc2+
35. Ka1 Bf6 36. f4 gxf4 37. R1e4 Kg6 38. g5 Bxe5+ 39. Rxe5 f3 40. Re6+ Kxg5 41. Re8
f2 42. Rf8 b4 43. Rf5+ Kg6 44. Rf6+ Kg7 45. Rf7+  1/2-1/2

[Event "British Chess Championships 2023: PM Tournament U1750"]
[Site "The Venue, De Montfort University, 20 Western Boulevard, Leicester, LE2 7BU"]
[Date "2023.07.27"]
[Round "4"]
[Board "10"]
[White "Yu, William"]
[Black "Kumar, Arnav"]
[Result "1/2-1/2"]
[WhiteElo "1372"]
[BlackElo "1649"]
[PlyCount "104"]
[EventDate "2023.07.24"]
[EventRounds "6"]
[EventCountry "ENG"]

1. d4 Nf6 2. Nf3 d5 3. g3 g6 4. Bg2 Bg7 5. c3 O-O 6. Nbd2 Bf5 7. Qb3 b6 8. Ne5 c6
9. f4 Qc7 10. O-O Nbd7 11. Ndf3 Ng4 12. Bd2 Ngxe5 13. fxe5 Be4 14. Bf4 e6 15. Nd2
Bxg2 16. Kxg2 Qb7 17. Rf2 c5 18. e3 h6 19. h4 c4 20. Qa3 Rfc8 21. Qa4 b5 22. Qd1
b4 23. Qf3 bxc3 24. bxc3 Nb6 25. e4 dxe4 26. Nxe4 Qd5 27. Bxh6 Rc7 28. Bxg7 Kxg7
29. Nd6 Qxf3+ 30. Rxf3 Rf8 31. Rb1 Nd5 32. Rb7 Rxb7 33. Nxb7 Rb8 34. Nd6 Rb2+ 35.
Kh3 Rxa2 36. Rxf7+ Kg8 37. Rb7 Nxc3 38. Nxc4 Ra4 39. Ne3 Rxd4 40. Rxa7 Rd3 41. Ng4
Ne4 42. Nf6+ Nxf6 43. exf6 Rf3 44. Ra6 Rxf6 45. Kg4 Kg7 46. Ra7+ Rf7 47. Rxf7+ Kxf7
48. Kf4 Kf6 49. g4 g5+ 50. hxg5+ Kg6 51. Ke5 Kxg5 52. Kxe6 Kxg4  1/2-1/2

[Event "British Chess Championships 2023: PM Tournament U1750"]
[Site "The Venue, De Montfort University, 20 Western Boulevard, Leicester, LE2 7BU"]
[Date "2023.07.27"]
[Round "4"]
[Board "11"]
[White "Morris, Nigel W"]
[Black "Crompton, Robert"]
[Result "0-1"]
[WhiteElo "1596"]
[BlackElo "1662"]
[PlyCount "44"]
[EventDate "2023.07.24"]
[EventRounds "6"]
[EventCountry "ENG"]

1. Nf3 d5 2. d4 Nf6 3. c4 e6 4. Nc3 Bb4 5. Bg5 h6 6. Bxf6 Bxc3+ 7. bxc3 Qxf6 8. e3
O-O 9. Bd3 Nd7 10. O-O dxc4 11. Bxc4 b6 12. Qd3 Bb7 13. e4 Rfd8 14. Nd2 c5 15. f4
cxd4 16. cxd4 Nc5 17. e5 Nxd3 18. exf6 Rxd4 19. Bxd3 Rxd3 20. Nb3 Bd5 21. fxg7 Bxb3
22. axb3 Rxb3  0-1

[Event "British Chess Championships 2023: PM Tournament U1750"]
[Site "The Venue, De Montfort University, 20 Western Boulevard, Leicester, LE2 7BU"]
[Date "2023.07.27"]
[Round "4"]
[Board "12"]
[White "Jones, Michael R"]
[Black "Horspool, Joseph"]
[Result "0-1"]
[WhiteElo "1556"]
[BlackElo "1621"]
[PlyCount "66"]
[EventDate "2023.07.24"]
[EventRounds "6"]
[EventCountry "ENG"]

1. e4 e6 2. d4 d5 3. Nc3 Nf6 4. e5 Nfd7 5. Nf3 c5 6. Be3 Nc6 7. Be2 cxd4 8. Nxd4
Ndxe5 9. Nxc6 Nxc6 10. Bb5 a6 11. Bxc6+ bxc6 12. Ne2 Bd6 13. Nd4 Bb7 14. O-O c5 15.
Nf3 d4 16. Bd2 Qf6 17. Bg5 Qg6 18. h4 h6 19. Bd2 Rd8 20. Ba5 Rd7 21. Qd3 Qh5 22.
Rfe1 O-O 23. a3 e5 24. Qe2 e4 25. Ng5 Qxe2 26. Rxe2 hxg5 27. hxg5 Bf4 28. Bd2 Bxd2
29. Rxd2 Rd5 30. c3 Rfd8 31. cxd4 cxd4 32. Rad1 d3 33. f3 e3  0-1